[Event "ABAB    III"]
[Site "SchemingMind.com"]
[Date "2018.03.27"]
[Round "-"]
[White "grabapawn"]
[Black "Marc Wakeham"]
[Result "0-1"]
[WhiteCountry "USA"]
[BlackCountry "WLS"]
[WhiteElo "1528"]
[WhiteRD "56"]
[BlackElo "1664"]
[BlackRD "92"]
[GameID "426343"]

1. d4 Nf6 2. Bf4 d6 3. e3 Bf5 4. Nd2 e6 5. h3 Nbd7 6. g4 Be4 7. f3 Bc6 8. Bd3 Be7 9. e4 O-O 10. g5 Ne8
11. h4 e5 12. Be3 exd4 13. Bf4 Ne5 14. Nh3 Nxd3+ 15. cxd3 Bb5 16. Qe2 c5 17. O-O-O Rc8 18. h5 Qa5 19. Kb1 Nc7 20. Bg3 Qa6
21. Nc4 Bxc4 22. dxc4 b5 23. cxb5 Qxb5 24. Qxb5 Nxb5 25. f4 Rc6 26. f5 Rb8 27. Rhf1 Nc3+ 28. Kc2 Nxd1 29. Rxd1 Rcb6 30. b3 a5
31. g6 fxg6 32. hxg6 h6 33. e5 dxe5 34. Bxe5 Bd6 35. Bxd6 Rxd6 36. Nf4 Rf6 37. Nd5 Rd6 38. Nf4 Rf8 39. Re1 Rxf5 40. Re8+ Rf8
41. Rxf8+ Kxf8 42. Kd3 Rf6 43. Ke4 Rxf4+ 44. Kxf4 h5
0-1

[Event "ABAB    III"]
[Site "SchemingMind.com"]
[Date "2018.03.28"]
[Round "-"]
[White "Timaeus"]
[Black "Marc Wakeham"]
[Result "0-1"]
[WhiteCountry "JPN"]
[BlackCountry "WLS"]
[WhiteElo "1518"]
[WhiteRD "81"]
[BlackElo "1693"]
[BlackRD "90"]
[GameID "426345"]

1. d4 Nf6 2. Bf4 d6 3. e3 g6 4. Bd3 Bg7 5. Nf3 O-O 6. O-O Bg4 7. h3 Bxf3 8. Qxf3 c6 9. Nc3 Na6 10. e4 Nb4
11. Rfe1 Nxd3 12. Qxd3 b5 13. b4 a5 14. a3 Qb6 15. e5 dxe5 16. Bxe5 e6 17. Ne4 Nxe4 18. Qxe4 Bxe5 19. Qxe5 Qb8 20. Qc5 axb4
21. axb4 Rxa1 22. Rxa1 Qc7 23. Ra7 Qf4 24. Qxc6 Qc1+ 25. Kh2 Qf4+ 26. Kg1 Qc1+ 27. Kh2 Qf4+= 28. g3 Qxf2+ 29. Qg2 Qxd4 30. Ra8 Qxb4
31. Rxf8+ Kxf8 32. h4 Qc3 33. Kh3 Qd4 34. Qf3 h5 35. Kg2 Qd5 36. Kf2 Qxf3+ 37. Kxf3 f6 38. g4 hxg4+ 39. Kxg4 Ke7 40. Kf4 Kd6
41. Ke4 Kc5
0-1

[Event "ABAB    III"]
[Site "SchemingMind.com"]
[Date "2018.03.27"]
[Round "-"]
[White "Olli Ylönen"]
[Black "Marc Wakeham"]
[Result "0-1"]
[WhiteCountry "FIN"]
[BlackCountry "WLS"]
[WhiteElo "1884"]
[WhiteRD "89"]
[BlackElo "1708"]
[BlackRD "91"]
[GameID "426346"]

1. d4 Nf6 2. c4 g6 3. Nf3 Bg7 4. Nc3 O-O 5. e4 d6 6. Be2 c5 7. d5 Bg4 8. O-O Nbd7 9. h3 Bxf3 10. Bxf3 Ne5
11. Be2 a6 12. f4 Ned7 13. Rb1 Rb8 14. Qc2 Qc7 15. g4 b5 16. cxb5 axb5 17. Nxb5 Qb6 18. Be3 Rfc8 19. Kg2 Qb7 20. a4 Qa8
21. b4 cxb4 22. Rxb4 Rxc2
0-1

[Event "ABAB    III"]
[Site "SchemingMind.com"]
[Date "2018.03.27"]
[Round "-"]
[White "Marc Wakeham"]
[Black "David Perna-Fraser"]
[Result "0-1"]
[WhiteCountry "WLS"]
[BlackCountry "CAN"]
[WhiteElo "1693"]
[WhiteRD "90"]
[BlackElo "2142"]
[BlackRD "73"]
[GameID "426347"]

1. e4 e5 2. Nf3 Nf6 3. Nxe5 d6 4. Nf3 Nxe4 5. d4 d5 6. Bd3 Bd6 7. O-O O-O 8. Nbd2 Bf5 9. Re1 Re8 10. Re2 Nc6
11. Nb3 Qf6 12. Be3 Bg4 13. Re1 Qg6 14. Nbd2 f5 15. Nf1 f4 16. Bd2 Nxd4 17. Be2 Nxf2
0-1

[Event "ABAB    III"]
[Site "SchemingMind.com"]
[Date "2018.03.30"]
[Round "-"]
[White "Marc Wakeham"]
[Black "Helga1946"]
[Result "1/2-1/2"]
[WhiteCountry "WLS"]
[BlackCountry "GER"]
[WhiteElo "1693"]
[WhiteRD "90"]
[BlackElo "2070"]
[BlackRD "51"]
[GameID "426348"]

1. e4 c5 2. c3 d5 3. exd5 Qxd5 4. Nf3 Nc6 5. Be2 e5 6. O-O Be7 7. d3 Bf5 8. Re1 O-O-O 9. Be3 Bxd3 10. Bxd3 Qxd3
11. Qxd3 Rxd3 12. Nbd2 Nf6 13. Nc4 Nd7 14. Rad1 Rxd1 15. Rxd1 f6 16. Nd6+ Bxd6 17. Rxd6 Kc7 18. Rd1 Rd8 19. Nh4 Ne7 20. Kf1 b6
21. c4 a6 22. a3 g5 23. Nf3 h6 24. Ne1 Nf5 25. Nc2 Nd4 26. Ne1 Nf8 27. g3 Nfe6 28. Rd2 e4 29. Nc2 Nxc2 30. Rxc2 Rd1+
31. Kg2 Rd3 32. Rd2 Nd4=
1/2-1/2

[Event "ABAB    III"]
[Site "SchemingMind.com"]
[Date "2018.04.01"]
[Round "-"]
[White "Marc Wakeham"]
[Black "flyinduck"]
[Result "0-1"]
[WhiteCountry "WLS"]
[BlackCountry "CAN"]
[WhiteElo "1708"]
[WhiteRD "91"]
[BlackElo "2108"]
[BlackRD "61"]
[GameID "426349"]

1. e4 c5 2. c3 e6 3. Nf3 d5 4. exd5 exd5 5. Bb5+ Nc6 6. O-O Be7 7. Re1 Nf6 8. Ne5 Bd7 9. Nxd7 Qxd7 10. d4 O-O
11. Bxc6 bxc6 12. Bg5 Rfe8 13. Nd2 cxd4 14. cxd4 Rab8 15. b3 h6 16. Bh4 Rb4 17. Nf3 Ne4 18. Bxe7 Qxe7 19. Qc2 Qf6 20. Rad1 Rbb8
21. Re2 Re6 22. Rde1 Rbe8 23. Ne5 c5 24. Nf3 cxd4 25. Qd3 Nc5 26. Qd2 Rxe2 27. Rxe2 Rxe2 28. Qxe2 d3 29. Qd1 Qb2 30. g3 Qxa2
0-1

[Event "ABAB    III"]
[Site "SchemingMind.com"]
[Date "2018.03.27"]
[Round "-"]
[White "Keithk"]
[Black "Marc Wakeham"]
[Result "1-0"]
[WhiteCountry "ENG"]
[BlackCountry "WLS"]
[WhiteElo "2405"]
[WhiteRD "65"]
[BlackElo "1664"]
[BlackRD "92"]
[GameID "426351"]

1. e4 d6 2. d4 Nf6 3. Nc3 g6 4. f4 Bg7 5. Nf3 O-O 6. Bd3 Bg4 7. h3 Bxf3 8. Qxf3 c6 9. Be3 Qb6 10. O-O-O a5
11. Kb1 a4 12. a3 Nbd7 13. e5 dxe5 14. dxe5 Qc7 15. exf6 Bxf6 16. Ne4 Bg7 17. h4 Nf6 18. Nxf6+ Bxf6 19. h5 e5 20. hxg6 fxg6
21. Qh3 Qg7 22. Bc4+ Kh8 23. fxe5
1-0

[Event "ABAB    III"]
[Site "SchemingMind.com"]
[Date "2018.03.27"]
[Round "-"]
[White "Krolewna"]
[Black "Marc Wakeham"]
[Result "1-0"]
[WhiteCountry "POL"]
[BlackCountry "WLS"]
[WhiteElo "2035"]
[WhiteRD "65"]
[BlackElo "1664"]
[BlackRD "92"]
[GameID "426352"]

1. b4 e5 2. Bb2 Bxb4 3. f4 d6 4. Nf3 Nf6 5. a3 Ba5 6. fxe5 Ng4 7. Bc3 Bb6 8. e3 O-O 9. Bd3 h6 10. O-O Bxe3+
11. dxe3 Nxe3 12. Qe1 Nxf1 13. Qe4 g6 14. Kxf1 Nc6 15. Qe3 Kh7 16. exd6 Qxd6 17. Nbd2 Bg4 18. Rb1 b6 19. Ne4 Qe7 20. Nf6+
1-0

[Event "ABAB    III"]
[Site "SchemingMind.com"]
[Date "2018.03.27"]
[Round "-"]
[White "Don71"]
[Black "Marc Wakeham"]
[Result "1-0"]
[WhiteCountry "NIR"]
[BlackCountry "WLS"]
[WhiteElo "2357"]
[WhiteRD "104"]
[BlackElo "1693"]
[BlackRD "90"]
[GameID "426353"]

1. e4 d6 2. d4 Nf6 3. Nc3 g6 4. Nf3 Bg7 5. Be2 O-O 6. O-O Bg4 7. h3 Bxf3 8. Bxf3 c6 9. Re1 Nbd7 10. e5 dxe5
11. dxe5 Ne8 12. Bf4 Nc7 13. Bh2 Ne6 14. Bg4 Ndc5 15. b4 Na6 16. a3 Rc8 17. Bxe6 fxe6 18. Qg4 Rf5 19. Ne4 Qf8 20. Rad1 Nc7
21. Rd7 Qe8 22. Red1 b5 23. Qh4 Nd5 24. Rxa7 Ra8 25. Rxa8 Qxa8 26. g4 g5 27. Qh5 Rf8 28. Nxg5
1-0

[Event "ABAB    III"]
[Site "SchemingMind.com"]
[Date "2018.03.27"]
[Round "-"]
[White "Marc Wakeham"]
[Black "JAHI"]
[Result "0-1"]
[WhiteCountry "WLS"]
[BlackCountry "INT"]
[WhiteElo "1664"]
[WhiteRD "92"]
[BlackElo "2135"]
[BlackRD "71"]
[GameID "426355"]

1. e4 d6 2. d4 d5 3. Nc3 dxe4 4. f3 exf3 5. Nxf3 Nf6 6. Bc4 Nc6 7. O-O e6 8. Kh1 a6 9. Bg5 Be7 10. d5 Na5
11. Bd3 exd5 12. Qd2 Nc6 13. Rae1 Be6 14. Ne2 Ne4 15. Bxe4 dxe4 16. Qxd8+ Nxd8 17. Bxe7 exf3 18. Bxd8 fxe2 19. Rxe2 Rxd8 20. Rfe1 Rd4
21. c3 Rd3 22. Kg1 Kd7 23. Kf2 Bxa2 24. Re7+ Kc6 25. h3 Be6
0-1